Guess the Touohu character by Facts - Statistics

General Stats
  • This quiz has been taken 54 times
  • The average score is 16 of 45
Answer Stats
Fact / Trivia or something else Answer % Correct
America is the hardest boss in my opinion Clownpiece
100%
Walter White who has a spell card in bothstage 6 in Touhou 8 Eirin Yagokoro
100%
Breaks the fourth wall while talkingto the magician in Touhou 6 Flandre Scarlet
100%
This bucket's character portrait has the least res.portrait Kisume
100%
Chicken God who encounter's the heroines.(Couldn't find anything else) Kutaka Niwatari
100%
Only Seen in Winter Letty Whiterock
100%
Captain who's one of the few windows eras stage-4 bosses to not have a gimmick. Minamitsu Murasa
100%
Appears in every game. Reimu Hakurei
100%
I want to eat Dango Ringo
100%
First Official Windows era boss Rumia
100%
The World (Za Warudo) Sakuya Izayoi
100%
Shrine Maiden that has green hair Sanae Kochiya
100%
Some parts of her theme are symmetrical making it sound similar to itself when played reversed Seija Kijin
100%
Can detach head from body and has a pretty good theme in my opinion. Sekibanki
100%
Tiger who is a Stage 5 boss.(Couldn't find anything else) Shou Toramaru
100%
3 fairies who destory blue fairy's house Sunny Milk/ Luna Child/Star Sapphire
100%
Yamawaro that looks like a blue kappa Takane Yamashiro
100%
Touhou 7 char acter whose theme is name after a story in Taiheiki Youmu Konpaku
100%
the first character introduced as a final boss in a maingame to not appear on the game's jewel case since Touhou 8 Zanmu Nippaku
100%
First Character in Touhou to have 2 differentcolored eyes. Only character in Touhou 12 that has no role in the story. Kogasa Tatara
83%
This Character's theme starts the samewith one of Beethoven's songs Remilia Scarlet
75%
This cat is one of the two characters who appearsas a midboss in 3 stages (Extra Stage included) Rin Kaenbyou
75%
Doll that likes poison Medicine Melancholy
71%
Unofficially named Fairy who's one of thefew characters who's not in Touhou 13.5 as a background character. __ak__a Koakuma
67%
Second character in the entire series to wear glasses.First is a PC-98 scientist. Mamizou Futatsuiwa
67%
Used to be a maneki-neko but now a character in Touhou 18 Mike Goutokuji
67%
Rabbit in Eientei who's tied with a Pc-98 sailorfor the longest name in English (20 letters) (Special Characters included ·) Reisen Udongein· Inaba
67%
Princess in Eientei who was planned as aplayable character in Touhou 12.3 but canceled Kaguya Houraisan
60%
Looks like two other maids. Mugetsu
60%
The least known character in my opinion. from Touhou 14 Yatsuhashi Tsukumo
60%
Unofficially named green haired fairy D_i__us__ Daiyousei
57%
Sister that is rich. Joon Yorigami
57%
First Vampire Elis
50%
Stage 1 boss in Touhou 16 Eternity Larva
50%
Only non-final boss character who's not on Touhou 19'scover Hisami Yomotsu
50%
Hermit who's actually an Oni. Kasen Ibaraki
50%
A princess officer that is one of thefew PC-98 characters that shows their full image. Kotohime
50%
Face of the character is thecharacter who's most shown in .exe files. Marisa Kirisame
50%
Stage 4 boss of Touhou 16(Couldn't find anything else) Narumi Yatadera
50%
Can go through dimensions by using backdoors Okina Matara
50%
Sister that is poor. Shion Yorigami
50%
Silhouette of them on Touhou 19's jewel cover (Monkey) Son Biten
50%
Touhou 13 character who looks like she has 2 right hands Toyosatomimi no Miko
50%
Even though they look like a cow they are actually afox-spider Urumi Ushizaki
50%
Mermaid whose theme is very good in my opinion. Wakasagihime
50%
Breaks the fourth wall in Touhou 5.One of the few spell-card using character who isn't in Touhou 9.5. Yuuka Kazami
50%
Is one of the few Touhou characters whose sprites in their debut game appearance isn't largely based on their in-game portrait. Stacking rocks are Good. Eika Ebisu
43%
Stage 4 boss of Touhou 10 but purple and black Hatate Himekaido
43%
First Boss in series. SinGyoku
43%
Can give dreams and nightmare Doremy Sweet
40%
Silhouette of them on Touhou 19's jewel cover (Wolf?) Enoko Mitsugashira
40%
Had a lot of glitches in the trail version of Touhou 18 Sannyo Komakusa
40%
Not even shooting most the bullets in her spell-cardZombie shoots the most bullets Seiga Kaku
40%
Use to be last stage boss whose one of the two Stage 1 bosses who uses more than two spell cards per difficulty in their boss fight, Yuyuko Saigyouji
40%
Cute Komainu Aunn Komano
33%
Biwa who's a sister of someone, that is one of eightmusically themed characters. Benben Tsukumo
33%
Shortest character name in kanji (1 kanji) Chen
33%
One of the two characters who's has anew portrait even though not playable Cirno
33%
60 years before the game with this characterreleased World War II ended. This is told in this character's theme's name Eiki Shiki, Yamaxanadu
33%
Spinning God who got referenced in Touhou 13'sprologue for green main character Hina Kagiyama
33%
Hitbox of an old cloud. The cloud is actually the boss,This character is just to add a hitbox to the cloud. Ichirin Kumoi
33%
If you reverse this character's palette it becomes very similar to her sister (the green one) Koishi Komeiji
33%
Only Pc-98 character to changeexpression while fighting them. Konngara
33%
Least Known Touhou 18 character Misumaru Tamatsukuri
33%
The only character who is a partner in Touhou 11that isn't in Touhou 10.5 Nitori Kawashiro
33%
One of the character's spell cards looks like the unofficially named boss; The Five Magical Stones Patchouli Knowledge
33%
If you reverse this character's palette it becomesvery similar to her sister (the pink one) Satori Komeiji
33%
Might be the smallest stage 6 boss. Shinmyoumaru Sukuna
33%
First Fighting game character whoseplayable in a mainline game Suika Ibuki
33%
God that likes frogs who is the extra stage boss(Couldn't find anything else) Suwako Moriya
33%
She was the first midboss-only character introduced since stage 5 mid-boss in Touhou 13, 10 years ago Tsukasa Kudamaki
33%
Even though it's just a nyuudou (cloud). It is the first male character in the Window's era. Unzan
33%
Looks like windows era magician.(PC-98 Character) Yuki
33%
Has the least number of spell-cards for an extra stage boss Hecatia Lapizlazuli
29%
Sister of the character that is the second mid-boss in Touhou to have an in-game portrait Minoriko Aki
29%
Stage 1 character who could have been playable in Touhou 12.3 but canceled Wriggle Nightbug
29%
Jesus who's One of the Candidates for Touhou 13's extrastage boss but a Tanuki became the extra stage boss. Byakuren Hijiri
25%
Able to fire lasers who looks likemaster spark Gengetsu
25%
The first werewolf in a remotely traditional sense toappear in the series (Elon Musk) Kagerou Imaizumi
25%
Create Haniwa(Couldn't find anything else) Keiki Haniyasushin
25%
Cool character who has the spell-card called;Great Voice "Charged Yahoo!" Kyouko Kasodani
25%
The first character to use multi-coloredbullets, Meira
25%
Is the only Extra Stage boss to appear as a mid-boss inmultiple stages Nue Houjuu
25%
Named after a color's English name Orange
25%
Most annoying fighting game character Sumireko Usami
25%
The only boss who stays around after the mid-bossdefeat and remains in front of the player throughout the second half of the stage, until the start of the boss fight. Yuugi Hoshiguma
25%
Had a name before even having an appearance Yuuma Toutetsu
25%
Character who was originally from a book butin a game now. Aya Shameimaru
20%
A silhouette of this character is shown in the front of tTouhou 13.5's jewel case. Hata no Kokoro
20%
Clothes look like the male version of the first boss. Mononobe no Futo
20%
All of them has no name._C__ _nna___ Mi___s_e_ PC-98 unnamed mid-bosses
20%
Unused Defeated Screen Sagume Kishin
20%
The latest two Stage 1 bosses as of Touhou 20 who usesmore than two spell cards in her boss fight Ubame Chirizuka
20%
This character is the one of the two only final bosses in a game who is a subordinate of an earlier boss Utsuho Reiuji
20%
The only stage 1 boss in Touhou 17.5 (playable or not) Yamame Kurodani
20%
One of the two Stage 8th boss in status Yukari Yakumo
20%
One of the few bosses that is also a extra stage boss. First boss that is a mid-boss in the same stage twice. Alice Margatroid
17%
Latest Character as of Touhou 20's demo Nareko Michigami
17%
Touhou 12's Last Boss has a spell cardthat resembles this character's strongest attack Shinki
17%
This character has been in almost every danmaku side-game after the game this character released in Tenshi Hinanawi
17%
God that is one of the 3 characters who changesto colors in the rainbow when battling. Kanako Yasaka
14%
Some People confused this characterwith Touhou 16's Stage 5 boss Mai
14%
This character's mid-boss spell on hard and lunatic isjust like Touhou 5's stage 1 boss's attacks Nazrin
14%
Her pose is like a dollar sign Chimata Tenkyuu
0%
Can manipulate the qi of mountains and rivers Chimi Houjuu
0%
Silhouette of them on Touhou 19's jewel cover (Tenkajin) Chiyari Tenkajin
0%
Youngest character whose actual age is known. Longest character name in English without spaces (20 letters) Chiyuri Kitashirakawa
0%
Has a type of dementia Ellen
0%
Only boss in the whole series who'sinvincible for a length of time Elly
0%
Immortal Person who was planned in Touhou 12.3But added in Touhou 14.5 Fujiwara no Mokou
0%
Looks very similar to a PC-98 characterwho's named after a color Hong Meiling
0%
Youkai fish who's is a messenger. Iku Nagae
0%
Only character who doesn't have a proper title Junko
0%
use to haunt a mansion but haunts The main character now. Kana Anaberal
0%
Only Character in Touhou 8 who has 2 last words instead of 1 Keine Kamishirasawa
0%
Same theme name but different sounding theme as another boss. Kikuri
0%
Touhou 8's Last Word Theme has this character'sexact English and Japanese First name Komachi Onozuka
0%
Only PC-98 character who is also themid-boss of their stage. Kurumi
0%
In Touhou 16, both this Character and the stage 3 boss use the same background image
while performing a Spell Card.
Lily White
0%
Only PC-98 character who reappears later as a mid-boss Louise
0%
Servants that dance and not to be confused withMai & Yuki Mai & Satono
0%
Haniwa doll made By Haniyashushin (I wrote the last name because you might answer her) Mayumi Joutouguu
0%
Blue version of Touhou 10's Stage 4 boss that hasa tripod for some reason Megumu Iizunamaru
0%
Has been a boss in 2/5 Pc-98 game and playable in 2. Mima
0%
The only non-Fairy character who doesn't haveart in game. Momiji Inubashiri
0%
Their In-game spell card cut in doesn't have any whitecolor around her eyes. Momoyo Himemushi
0%
One of the two character who start the bossfight immediately after their mid-boss defeat without leaving Mystia Lorelei
0%
Latest character as of Touhou 20 who starts the boss fight immediately after their mid-boss defeat. Nemuno Sakata
0%
Quite a few of this character's spell cards referenceJapanese folklore Parsee Mizuhashi
0%
Sisters who are one of the few 1stwindows eras character who's not in Touhou 9.5 Prismriver Sisters
0%
One of her spell cards vibrates the screen. Raiko Horikawa
0%
Is the only stage mid-boss in any Touhougame that is immune to bombs Ran Yakumo
0%
First character that is both aboss and extra stage boss Rika
0%
Has the longest theme. Not loopinguntil 4:57. Rikako Asakura
0%
On the Touhou 17 jewel cover(Couldn't find anything else) Saki Kurokuma
0%
An attack from the stage 1 boss ofTouhou 6 looks like one of this boss's attack Sara
0%
The First character that appearsin a silhouette in-game or on the cover. Sariel
0%
The first Stage 1 Boss that has a proper Defeated Portrait. Seiran
0%
Not counting returning characters, this character is the second mid-boss in Touhou to have an in-game portrait Shizuha Aki
0%
Looks like the PC-98 character we want back in thewindows era. Soga no Tojiko
0%
First original Mid-boss only character who became fully playable Tewi Inaba
0%
The only stage four boss as of Touhou 19who's on an official jewel case cover. Yachie Kicchou
0%
Has a hat that is similar to China's hat but without text. Yoshika Miyako
0%
One of the two last stage boss who'shuman Yumemi Okazaki
0%
Has the same theme asanother character. YuugenMagen
0%
No matching quizzes found
Score Distribution
Percent of People with Each Score
Percentile by Number Answered
Your Score History
You have not taken this quiz